| 000 | 00880nmm a2200277 a 4500 | ||
|---|---|---|---|
| 001 | ocm000597295 | ||
| 003 | TR-IsHL | ||
| 005 | 20201028125006.0 | ||
| 008 | 110704s2006 tu tur | ||
| 007 | cr cn | ||
| 020 | _a9789944411271 | ||
| 035 |
_a597295 _b(N$T) |
||
| 050 | 0 | 4 |
_aTX725.T9 _bV38 2006 |
| 090 | 0 | 4 |
_aTX725.T9 _bV38 2006 |
| 100 | 1 | _aVatandaş, Beyhan | |
| 245 | 1 | 0 |
_aYemekistan: et yemekleri, kebaplar, köfteler, tavuk yemekleri _h[electronic resource] / _cBeyhan Vatandaş |
| 250 | _a1. bs. | ||
| 260 |
_aİstanbul : _bAkis Kitap, _c2006 |
||
| 300 | _a128 p. | ||
| 650 | 4 | _aGenel Çalışmalar | |
| 650 | 4 | _aGeneral Works | |
| 650 | 0 | _aMutfak, Türk | |
| 650 | 0 | _aCookery, Turkish | |
| 650 | 7 |
_aCOOKING / Regional & Ethnic / Turkish _2bisacsh |
|
| 856 | 4 | 0 | _uhttp://search.ebscohost.com/login.aspx?direct=true&scope=site&db=e011xww&AN=597295 |
| 999 |
_c3245 _d3245 |
||